Докладная записка Петроградского городского головы об отмене смертной казни

Доступно только в Электронных читальных залах Найти на картеНа карте
RUSMARC
00002927nac2a22002291x 450
001fe3288b5-2fd4-4c13-b504-2a4cff8666ff
00520150505160347.0
100##$a20150213l1917 k y0rusy50 ca
1010#$arus
102##$aRU
105##$ay z |||||
1220#$ad19170916
2001#$aДокладная записка Петроградского городского головы об отмене смертной казни
$j16 сентября 1917
215##$a2 листа
251##$cДело
300##$aМашинописный текст
461#0$1001RuPRLIB510117752
$12001
$aКАНЦЕЛЯРИЯ МИНИСТРА-ПРЕДСЕДАТЕЛЯ ВРЕМЕННОГО ПРАВИТЕЛЬСТВА
$1251
$cФонд
$1852
$j1778
462#0$1001RuPRLIB510117753
$12001
$a1917 г.
$1251
$cОпись
$1852
$j1
60102$aВременное правительство. Канцелярия министра-председателя
801#0$aRU
$bGA_RF
801#1$aRU
$bНПО Опыт
$c20150213
$2rusmarc
801#2$aRU
$bПБ им. Б.Н. Ельцина
$c20150505
$gRCR
$2rusmarc
852##$aГА РФ
$j54
937##$d50680797
$hПБ
035##$aRuPRLIB51024163
Формат отображения